• 首页
  • 本馆介绍
  • 公告通知
  • 最新文献
  • 馆藏检索
  • 电子资源
  • 读者导购
  • 参考咨询
  • 我的图书馆
  • 登录
  • 详细信息显示
  • 放入我的书架
  • 预约/预借图书
  • 作者相关作品
  • 分类相关作品
  • 丛书相关作品
  • 出版社相关作品

书目信息

  • 表格格式
  • 工作单格式
  • 卡片格式
题名:
物种起源
    
 
作者: 达尔文 著 ;舒德干 译
分册:  
出版信息: 北京   北京大学出版社  2005.10
页数: 34,313页,[8]页图版
开本: 27cm
丛书名: 科学素养文库
单 册:
中图分类: Q111.2
科图分类:
主题词: 达尔文学说
电子资源:
ISBN: 978-7-301-09558-4
000 01101oam2 2200313 450
001 0120151592262
005 20170418153621.34
010    @a978-7-301-09558-4@dCNY49.00
100    @a20150617e20152005em y0chiy50 ea
101 1  @achi@ceng
102    @aCN@b110000
105    @aabf z 000yy
106    @ar
200 1  @a物种起源@9wu zhong qi yuan@dThe origin of species@f(英)达尔文著@g舒德干等译@zeng
205    @a增订版
210    @a北京@c北京大学出版社@d2005.10@h2015.04重印
215    @a34,313页,[8]页图版@c图,地图,照片@d27cm
225 2  @a科学素养文库@i科学元典丛书@v12
308    @a丛书第一辑
330    @a本书主要内容包括:家养状态下的变异、自然状态下的变异、生存斗争、自然选择即适者生存、变异的法则、本学说之难点及其解释等。
333    @a一般读者
462  0 @12001 @a科学素养文库@i科学元典丛书@v12
510 1  @aOrigin of species@zeng
606 0  @a达尔文学说
690    @aQ111.2@v5
701  0 @c(英)@a达尔文@9da er wen@c(Darwin, Charles Robert@f1809-1882)@4著
702  0 @a舒德干@9shu de gan@4译
801  0 @aCN@b人天书店@c20150617
905    @b986789-92@dQ111.2@e195=2@f4
    
    物种起源=The origin of species/(英)达尔文著/舒德干等译.-增订版.-北京:北京大学出版社,2005.10(2015.04重印)
    34,313页,[8]页图版:图,地图,照片;27cm.-(科学素养文库.科学元典丛书;12)
    使用对象:一般读者
    
    ISBN 978-7-301-09558-4:CNY49.00
    本书主要内容包括:家养状态下的变异、自然状态下的变异、生存斗争、自然选择即适者生存、变异的法则、本学说之难点及其解释等。
●
相关链接 在E读中查询图书 在五车中查询图书 在当当中查询图书 在豆瓣中查询图书


正题名:物种起源     索取号:Q111.2/195=2         预约/预借

序号 登录号 条形码 馆藏地/架位号 状态 备注
1 986789   209867893   第二样本阅览室/ [索取号:Q111.2/195=2] 在馆    
2 986790   209867900   第三借阅区/ [索取号:Q111.2/195=2] 在馆    
3 986791   209867919   第三借阅区/ [索取号:Q111.2/195=2] 已借出,限还日期为2026.03.16
借出人:张雨诺  
 
4 986792   209867928   密集书库-生命科学系/ [索取号:Q111.2/195=2] 在馆    
唐山师范学院图书馆 欢迎您!
大连网信软件有限公司© 版权所有